Arşiv belgelerine göre Osmanlı'da istihbarat / (Record no. 200429064)

MARC details
000 -LEADER
fixed length control field 01008nam a22003017i 4500
001 - CONTROL NUMBER
control field 200429064
003 - CONTROL NUMBER IDENTIFIER
control field TR-AnTOB
005 - DATE AND TIME OF LATEST TRANSACTION
control field 20230303222049.0
007 - PHYSICAL DESCRIPTION FIXED FIELD--GENERAL INFORMATION
fixed length control field ta
008 - FIXED-LENGTH DATA ELEMENTS--GENERAL INFORMATION
fixed length control field 180305s2017 xxua|||| ||||o01| 0 tur d
020 ## - INTERNATIONAL STANDARD BOOK NUMBER
International Standard Book Number 9789751968180
040 ## - CATALOGING SOURCE
Original cataloging agency TR-AnTOB
Language of cataloging eng
Transcribing agency TR-AnTOB
Description conventions rda
041 ## - LANGUAGE CODE
Language code of text/sound track or separate title Türkçe
050 #0 - LIBRARY OF CONGRESS CALL NUMBER
Classification number DR436
090 ## - LOCALLY ASSIGNED LC-TYPE CALL NUMBER (OCLC); LOCAL CALL NUMBER (RLIN)
Classification number (OCLC) (R) ; Classification number, CALL (RLIN) (NR) DR436
Local cutter number (OCLC) ; Book number/undivided call number, CALL (RLIN) .O86 2017
245 ## - TITLE STATEMENT
Title Arşiv belgelerine göre Osmanlı'da istihbarat /
Statement of responsibility, etc. Yayına hazırlayanlar: Kemal Gurulkan [and six others].
264 ## - PRODUCTION, PUBLICATION, DISTRIBUTION, MANUFACTURE, AND COPYRIGHT NOTICE
Place of production, publication, distribution, manufacture Ankara ;
Name of producer, publisher, distributor, manufacturer T.C Başbakanlık Devlet Arşivleri Genel Müdürlüğü,
Date of production, publication, distribution, manufacture, or copyright notice 2017.
300 ## - PHYSICAL DESCRIPTION
Extent 445 pages ;
Other physical details illustrations,
Dimensions 31 cm
336 ## - CONTENT TYPE
Content type term text
Source rdacontent
Content type code txt
337 ## - MEDIA TYPE
Media type term unmediated
Source rdamedia
Media type code n
338 ## - CARRIER TYPE
Carrier type term volume
Source rdacarrier
Carrier type code nc
650 #0 - SUBJECT ADDED ENTRY--TOPICAL TERM
Topical term or geographic name entry element Secret service
9 (RLIN) 68598
Topical term or geographic name entry element Gizli servis
Geographic subdivision Türkiye
Source of heading or term etutrkob
9 (RLIN) 10819
651 ## - SUBJECT ADDED ENTRY--GEOGRAPHIC NAME
Geographic name Türkiye
General subdivision Tarih
Chronological subdivision Osmanlı İmparatorluğu, 1288-1918
Form subdivision Kaynaklar
9 (RLIN) 25777
700 ## - ADDED ENTRY--PERSONAL NAME
Personal name Gurulkan, Kemal
9 (RLIN) 43270
942 ## - ADDED ENTRY ELEMENTS (KOHA)
Source of classification or shelving scheme Library of Congress Classification
Koha item type Book
Holdings
Withdrawn status Lost status Source of classification or shelving scheme Not for loan Collection code Home library Current library Shelving location Date acquired Source of acquisition Inventory number Total Checkouts Full call number Barcode Date last seen Copy number Date shelved Koha item type
    Library of Congress Classification Ödünç Verilebilir / Available Genel Koleksiyon Merkez Kütüphane Merkez Kütüphane Genel Koleksiyon / Main Collection 26/02/2018 Bağış / Donation TAR   DR436 .O86 2017 0056285 06/03/2018 1 03/04/2018 Book
Devinim Yazılım Eğitim Danışmanlık tarafından Koha'nın orjinal sürümü uyarlanarak geliştirilip kurulmuştur.